All Mr. Mushroom words Without Spore Shroom equipped (Hollow Knight) - Statistics

General Stats
  • This quiz has been taken 18 times
  • The average score is 6 of 17
Answer Stats
Answer % Correct
u
100%
mu
77%
gungi
38%
gungi
38%
gungi
38%
ola
38%
ola
38%
mumu
31%
oola
31%
dungo
23%
dungo
23%
mishi
15%
nyush
15%
poggi
15%
sanga
15%
shruba
15%
umo
15%
No matching quizzes found
Score Distribution
Percent of People with Each Score
Percentile by Number Answered
Your Score History
You have not taken this quiz